[Event "CP-2021-S-00002"]
[Site "LSS email"]
[Date "2021.01.26"]
[Round "?"]
[White "Podvoysky, Evgeny"]
[Black "Domanov, Dmitry"]
[Result "1/2-1/2"]
[WhiteElo "2354"]
[BlackElo "2402"]
[PlyCount "65"]
[EventDate "2021.01.26"]
[EventType "tourn (corr)"]
[EventRounds "7"]
[EventCountry "GER"]
[SourceTitle "Corr 2024"]
[Source "ChessBase"]
[SourceDate "2023.10.19"]
[SourceVersion "1"]
[SourceVersionDate "2023.10.19"]
[SourceQuality "1"]

1. d4 Nf6 2. c4 g6 3. Nc3 Bg7 4. e4 d6 5. Nf3 0-0 6. h3 e5 7. d5 Nh5 8. g3 Na6 9. Be3 f5 10. exf5 gxf5 11. Ng5 Nf6 12. Qd2 Qe7 13. Be2 b6 14. 0-0-0 Nc5 15. Rhg1 a5 16. g4 h6 17. Nf3 Nfe4 18. Nxe4 Nxe4 19. Qc2 Nc5 20. Rde1 Bd7 21. Qd1 fxg4 22. hxg4 a4 23. g5 h5 24. Nh4 a3 25. b3 Be8 26. Bxc5 bxc5 27. Bf3 e4 28. Bxe4 Bb2+ 29. Kb1 Bh8 30. Nf5 Rxf5 31. Bxf5 Qg7 32. Be6+ Kh7 33. Bf5+ 1/2-1/2

[Event "WC-2021-T-00002"]
[Site "LSS email"]
[Date "2021.01.15"]
[Round "?"]
[White "Domanov, Dmitry"]
[Black "Ketelhoehn, Bernd"]
[Result "1/2-1/2"]
[WhiteElo "2410"]
[BlackElo "2373"]
[PlyCount "84"]
[EventDate "2021.01.15"]
[EventType "tourn (corr)"]
[EventRounds "10"]
[EventCountry "GER"]
[SourceTitle "Corr 2024"]
[Source "ChessBase"]
[SourceDate "2023.10.19"]
[SourceVersion "1"]
[SourceVersionDate "2023.10.19"]
[SourceQuality "1"]

1. e4 c5 2. Nf3 Nc6 3. Nc3 e6 4. d4 cxd4 5. Nxd4 Nf6 6. Nxc6 bxc6 7. e5 Nd5 8. Ne4 Qc7 9. f4 Qb6 10. c4 Bb4+ 11. Ke2 f5 12. exf6 Nxf6 13. Be3 Qd8 14. Nd6+ Bxd6 15. Qxd6 Bb7 16. Rd1 Rc8 17. g4 c5 18. Rg1 Qc7 19. g5 Ne4 20. Qe5 Kf7 21. Bh3 g6 22. Rd3 Rhe8 23. Rgd1 d5 24. Ra3 a6 25. Bg2 dxc4 26. Ra4 Qxe5 27. fxe5 Ng3+ 28. hxg3 Bxg2 29. Rd6 Rb8 30. Bc1 Bd5 31. Rdxa6 Re7 32. Ra7 Ke8 33. Rxe7+ Kxe7 34. Ra7+ Kd8 35. Rxh7 c3 36. Rh8+ Kc7 37. Rxb8 Kxb8 38. b3 Kb7 39. Kd3 Kc6 40. Kxc3 Kb5 41. Bd2 Bh1 42. Kd3 Bd5 1/2-1/2

[Event "WC-2021-T-00002"]
[Site "LSS email"]
[Date "2021.01.15"]
[Round "?"]
[White "Ketelhoehn, Bernd"]
[Black "Domanov, Dmitry"]
[Result "1/2-1/2"]
[WhiteElo "2373"]
[BlackElo "2410"]
[PlyCount "84"]
[EventDate "2021.01.15"]
[EventType "tourn (corr)"]
[EventRounds "10"]
[EventCountry "GER"]
[SourceTitle "Corr 2024"]
[Source "ChessBase"]
[SourceDate "2023.10.19"]
[SourceVersion "1"]
[SourceVersionDate "2023.10.19"]
[SourceQuality "1"]

1. e4 c5 2. Nf3 d6 3. d4 cxd4 4. Nxd4 Nf6 5. Nc3 a6 6. Be2 e6 7. 0-0 Be7 8. a4 Qc7 9. a5 0-0 10. Qd3 Nbd7 11. Qg3 Ne5 12. f4 Nc4 13. Kh1 Bd7 14. Bd3 Rac8 15. Nf3 Nh5 16. Qf2 Bf6 17. Nd1 e5 18. f5 Bd8 19. Nc3 Qc5 20. Qe1 Nf4 21. Qg3 Nh5 22. Qe1 Nf4 23. Qg3 Nh5 24. Qh3 Nf6 25. Nd2 Nxb2 26. Bxb2 Qb4 27. Nc4 Rxc4 28. Bxc4 Qxc4 29. Qd3 Qxd3 30. cxd3 Bc6 31. Rfc1 Re8 32. h3 h5 33. Rc2 Kh7 34. Bc1 g6 35. fxg6+ Kxg6 36. Be3 Be7 37. Kg1 d5 38. exd5 Nxd5 39. Nxd5 Bxd5 40. Rac1 Bd8 41. Kf2 Bc6 42. Rxc6+ bxc6 1/2-1/2

[Event "WC-2020-S-00002"]
[Site "LSS email"]
[Date "2020.06.08"]
[Round "?"]
[White "Domanov, Dmitry"]
[Black "Pascual Perez, Norge"]
[Result "1/2-1/2"]
[WhiteElo "2422"]
[BlackElo "2458"]
[PlyCount "48"]
[EventDate "2020.06.08"]
[EventType "tourn (corr)"]
[EventRounds "12"]
[EventCountry "GER"]
[SourceTitle "Corr 2024"]
[Source "ChessBase"]
[SourceDate "2023.10.19"]
[SourceVersion "1"]
[SourceVersionDate "2023.10.19"]
[SourceQuality "1"]

1. e4 c5 2. Nf3 d6 3. d4 cxd4 4. Nxd4 Nf6 5. Nc3 a6 6. Be3 e5 7. Nde2 Be6 8. f4 Nbd7 9. f5 Bc4 10. Nc1 Bxf1 11. Rxf1 Be7 12. a3 Nb6 13. Qe2 d5 14. Nb3 d4 15. 0-0-0 Qc7 16. Nxd4 Bxa3 17. Rd3 exd4 18. Bxd4 0-0-0 19. Bxf6 Bxb2+ 20. Kxb2 gxf6 21. Rfd1 Rxd3 22. Qxd3 Rd8 23. Nd5 Nxd5 24. exd5 Qxh2 1/2-1/2

[Event "WC-2020-S-00002"]
[Site "LSS email"]
[Date "2020.06.08"]
[Round "?"]
[White "Domanov, Dmitry"]
[Black "Perez, Brigiliano"]
[Result "1/2-1/2"]
[WhiteElo "2422"]
[BlackElo "2508"]
[PlyCount "43"]
[EventDate "2020.06.08"]
[EventType "tourn (corr)"]
[EventRounds "12"]
[EventCountry "GER"]
[SourceTitle "Corr 2024"]
[Source "ChessBase"]
[SourceDate "2023.10.19"]
[SourceVersion "1"]
[SourceVersionDate "2023.10.19"]
[SourceQuality "1"]

1. e4 c5 2. Nf3 d6 3. d4 cxd4 4. Nxd4 Nf6 5. Nc3 a6 6. Be3 Ng4 7. Bg5 h6 8. Bh4 g5 9. Bg3 Bg7 10. h3 Ne5 11. Nf5 Bxf5 12. exf5 Nbc6 13. Nd5 e6 14. fxe6 fxe6 15. Ne3 Qa5+ 16. c3 Nf3+ 17. Qxf3 Bxc3+ 18. Kd1 Qa4+ 19. Nc2 Bxb2 20. Rc1 Rc8 21. Bd3 Rf8 22. Qh5+ 1/2-1/2

[Event "WC-2020-S-00004"]
[Site "LSS email"]
[Date "2020.04.01"]
[Round "?"]
[White "Domanov, Dmitry"]
[Black "Mueller, Klaus"]
[Result "1/2-1/2"]
[WhiteElo "2460"]
[BlackElo "2460"]
[PlyCount "73"]
[EventDate "2020.04.01"]
[EventType "tourn (corr)"]
[EventRounds "12"]
[EventCountry "GER"]
[SourceTitle "Corr 2022"]
[Source "ChessBase"]
[SourceDate "2021.10.24"]
[SourceVersion "1"]
[SourceVersionDate "2021.10.24"]
[SourceQuality "1"]

1. e4 e5 2. Nf3 Nc6 3. Bb5 a6 4. Ba4 Nf6 5. 0-0 Be7 6. Re1 b5 7. Bb3 0-0 8. a4 b4 9. a5 d6 10. c3 Rb8 11. d3 Be6 12. Bxe6 fxe6 13. Nbd2 Rb5 14. d4 bxc3 15. bxc3 exd4 16. cxd4 Nb4 17. Ba3 Nd3 18. Rf1 Qd7 19. Qc2 Nf4 20. g3 Nh3+ 21. Kg2 Ng5 22. Ng1 Rxa5 23. h4 Nf7 24. Rfc1 c5 25. Ngf3 cxd4 26. Nxd4 Ng4 27. Qc3 Ra4 28. Bb2 Bf6 29. Rxa4 Qxa4 30. f3 Bxd4 31. Qxd4 Qxd4 32. Bxd4 Nge5 33. f4 Ng4 34. Rc6 e5 35. Bc3 h5 36. Rxa6 Rc8 37. Ra3 1/2-1/2

[Event "WC-2020-S-00004"]
[Site "LSS email"]
[Date "2020.04.01"]
[Round "?"]
[White "Mueller, Klaus"]
[Black "Domanov, Dmitry"]
[Result "1-0"]
[WhiteElo "2460"]
[BlackElo "2460"]
[PlyCount "147"]
[EventDate "2020.04.01"]
[EventType "tourn (corr)"]
[EventRounds "12"]
[EventCountry "GER"]
[SourceTitle "Corr 2022"]
[Source "ChessBase"]
[SourceDate "2021.10.24"]
[SourceVersion "1"]
[SourceVersionDate "2021.10.24"]
[SourceQuality "1"]

1. d4 Nf6 2. c4 g6 3. Nc3 Bg7 4. e4 0-0 5. Be3 d6 6. Be2 e5 7. d5 Na6 8. h4 Nc5 9. Qc2 c6 10. h5 cxd5 11. cxd5 Qa5 12. h6 Bh8 13. f3 Nh5 14. a3 Ng3 15. b4 Qd8 16. Rh2 Nxe2 17. Ngxe2 Na6 18. g4 Qf6 19. Rf2 Nc7 20. a4 Bd7 21. Qd2 Qe7 22. Kd1 Rfc8 23. Kc2 Bf6 24. Rff1 b5 25. a5 Na6 26. Kb3 Rc4 27. Na2 Qd8 28. Rfc1 Bh4 29. Nec3 Rac8 30. Nd1 Ra8 31. Nb2 Rc7 32. Rf1 g5 33. Qg2 Qf6 34. Rh1 Kf8 35. Rac1 Kg8 36. Nd1 Rxc1 37. Bxc1 Qxh6 38. Ne3 f6 39. Nc3 Rc8 40. Bd2 Qf8 41. Qg1 Rc7 42. Nb1 Nb8 43. Na3 Qd8 44. Qh2 Qe7 45. Rf1 Qf7 46. Kb2 h5 47. gxh5 Na6 48. h6 Kh7 49. Ng2 Qh5 50. Nc2 f5 51. Nxh4 Qxh4 52. Qxh4 gxh4 53. f4 Rc4 54. fxe5 Rxe4 55. exd6 h3 56. Rg1 Rg4 57. Rh1 Rh4 58. Ne1 f4 59. Nd3 Bf5 60. Ne5 Nb8 61. Nf3 Rxh6 62. Bxf4 Rh5 63. Kc3 Kg7 64. Rg1+ Kf8 65. Ng5 Bg6 66. Ne6+ Kf7 67. Bh2 Kf6 68. Nf4 Rg5 69. Nxh3 Rf5 70. Nf4 Bh7 71. Kd4 Re5 72. Rf1 Re4+ 73. Kc5 Kg5 74. Kxb5 1-0

[Event "WC-2020-S-00004"]
[Site "LSS email"]
[Date "2020.04.01"]
[Round "?"]
[White "Szczepanski, Zbigniew"]
[Black "Domanov, Dmitry"]
[Result "1/2-1/2"]
[WhiteElo "2413"]
[BlackElo "2460"]
[PlyCount "65"]
[EventDate "2020.04.01"]
[EventType "tourn (corr)"]
[EventRounds "12"]
[EventCountry "GER"]
[SourceTitle "Corr 2022"]
[Source "ChessBase"]
[SourceDate "2021.10.24"]
[SourceVersion "1"]
[SourceVersionDate "2021.10.24"]
[SourceQuality "1"]

1. d4 Nf6 2. c4 g6 3. f3 Bg7 4. e4 d6 5. Nc3 0-0 6. Be3 c5 7. Nge2 Nc6 8. Qd2 e6 9. 0-0-0 Qa5 10. Bh6 cxd4 11. Bxg7 Kxg7 12. Nxd4 Nxd4 13. Qxd4 e5 14. Qd2 Rd8 15. g4 Be6 16. h4 h5 17. g5 Nd7 18. b3 a6 19. Na4 Qc7 20. Qxd6 Qa5 21. Qd2 Qc7 22. Qc3 Rac8 23. Rh2 b5 24. Nb2 a5 25. Rc2 b4 26. Qe3 Nc5 27. Rxd8 Qxd8 28. Rd2 Qb6 29. Kd1 a4 30. Nd3 Qa5 31. Nxc5 Rxc5 32. Ke1 Qc7 33. bxa4 1/2-1/2

[Event "WC-2020-T-00001"]
[Site "LSS email"]
[Date "2020.02.14"]
[Round "?"]
[White "Domanov, Dmitry"]
[Black "Kireev, Sergey Ivanovich"]
[Result "1/2-1/2"]
[WhiteElo "2452"]
[BlackElo "2389"]
[PlyCount "51"]
[EventDate "2020.02.14"]
[EventType "tourn (corr)"]
[EventRounds "10"]
[EventCountry "GER"]
[SourceTitle "Corr 2022"]
[Source "ChessBase"]
[SourceDate "2021.10.24"]
[SourceVersion "1"]
[SourceVersionDate "2021.10.24"]
[SourceQuality "1"]

1. e4 e5 2. Nf3 Nc6 3. Bb5 a6 4. Ba4 Nf6 5. 0-0 Be7 6. Re1 b5 7. Bb3 0-0 8. h3 Bb7 9. d3 d5 10. exd5 Nxd5 11. Nxe5 Nd4 12. Bd2 Re8 13. Nc3 Nxb3 14. axb3 Bd6 15. Nf3 Nxc3 16. Rxe8+ Qxe8 17. Bxc3 Qe7 18. d4 Re8 19. Ne5 b4 20. Bd2 c5 21. Qg4 cxd4 22. Nf3 Be4 23. Re1 f5 24. Qh5 Bc5 25. Bf4 Qf7 26. Qxf7+ 1/2-1/2

[Event "WC-2020-T-00001"]
[Site "LSS email"]
[Date "2020.02.14"]
[Round "?"]
[White "Domanov, Dmitry"]
[Black "Langer, Raimund"]
[Result "1/2-1/2"]
[WhiteElo "2452"]
[BlackElo "2456"]
[PlyCount "64"]
[EventDate "2020.02.14"]
[EventType "tourn (corr)"]
[EventRounds "10"]
[EventCountry "GER"]
[SourceTitle "Corr 2022"]
[Source "ChessBase"]
[SourceDate "2021.10.24"]
[SourceVersion "1"]
[SourceVersionDate "2021.10.24"]
[SourceQuality "1"]

1. e4 e5 2. Nf3 Nc6 3. Bb5 a6 4. Ba4 Nf6 5. 0-0 Be7 6. Re1 b5 7. Bb3 d6 8. c3 0-0 9. h3 Bb7 10. d4 Re8 11. Nbd2 Bf8 12. a4 h6 13. Bc2 exd4 14. cxd4 Nb4 15. Bb1 c5 16. d5 Nd7 17. Ra3 c4 18. Ree3 Nc5 19. Nd4 Qf6 20. N2f3 Nbd3 21. axb5 axb5 22. Nxb5 Rxa3 23. Nxa3 Rxe4 24. Rxe4 Nxe4 25. Be3 Bxd5 26. Nxc4 Nf4 27. Nb6 Bb7 28. Nd7 Qxb2 29. Bxf4 Nc3 30. Qe1 Qxb1 31. Qxb1 Nxb1 32. Nxf8 Kxf8 1/2-1/2

[Event "WC-2020-T-00001"]
[Site "LSS email"]
[Date "2020.02.14"]
[Round "?"]
[White "Langer, Raimund"]
[Black "Domanov, Dmitry"]
[Result "1-0"]
[WhiteElo "2456"]
[BlackElo "2452"]
[PlyCount "103"]
[EventDate "2020.02.14"]
[EventType "tourn (corr)"]
[EventRounds "10"]
[EventCountry "GER"]
[SourceTitle "Corr 2022"]
[Source "ChessBase"]
[SourceDate "2021.10.24"]
[SourceVersion "1"]
[SourceVersionDate "2021.10.24"]
[SourceQuality "1"]

1. Nf3 Nf6 2. c4 g6 3. Nc3 Bg7 4. e4 d6 5. d4 0-0 6. Be2 e5 7. 0-0 Nc6 8. d5 Ne7 9. Ne1 Nd7 10. f3 f5 11. Nd3 f4 12. b4 g5 13. a4 Nf6 14. c5 h5 15. a5 Ng6 16. Nf2 Rf7 17. Bd2 Bf8 18. c6 bxc6 19. dxc6 Rg7 20. b5 Ne7 21. Kh1 Be6 22. Rg1 Kh8 23. g3 a6 24. Qc2 Qc8 25. bxa6 Nxc6 26. Nb5 Qxa6 27. gxf4 gxf4 28. Rxg7 Bxg7 29. Be1 Qb7 30. Rb1 Rg8 31. Nxd6 Qa8 32. Nb5 Bf8 33. Nxc7 Nd4 34. Qb2 Qc8 35. Nxe6 Qxe6 36. Bc3 Bc5 37. Rg1 Rc8 38. Bd1 Ba7 39. Be1 Rc7 40. Nd3 Nxf3 41. Bxf3 Bxg1 42. Kxg1 Rg7+ 43. Kf1 Ng4 44. Bxg4 Qxg4 45. Bf2 Qd1+ 46. Ne1 Qa4 47. Qc3 Qb5+ 48. Qd3 Qxa5 49. Nf3 Qa1+ 50. Be1 h4 51. Qd8+ Kh7 52. Qxh4+ 1-0

[Event "ST-2020-0-00131"]
[Site "LSS email"]
[Date "2020.01.17"]
[Round "?"]
[White "Domanov, Dmitry"]
[Black "Mueller Alves, Martin"]
[Result "1/2-1/2"]
[WhiteElo "2499"]
[BlackElo "2463"]
[PlyCount "110"]
[EventDate "2020.01.17"]
[EventType "tourn (corr)"]
[EventRounds "6"]
[EventCountry "GER"]
[SourceTitle "Corr 2022"]
[Source "ChessBase"]
[SourceDate "2021.10.24"]
[SourceVersion "1"]
[SourceVersionDate "2021.10.24"]
[SourceQuality "1"]

1. d4 Nf6 2. c4 e6 3. Nf3 d5 4. g3 Be7 5. Bg2 0-0 6. Qc2 c5 7. 0-0 cxd4 8. Nxd4 Nc6 9. Nxc6 bxc6 10. b3 Rb8 11. Bb2 Ba6 12. Nd2 Qb6 13. e3 Rfd8 14. Rac1 h6 15. Rfd1 Nd7 16. Bf1 Bf6 17. Nf3 Rbc8 18. c5 Qb7 19. Bg2 Be7 20. Bd4 Bf6 21. Bxf6 Nxf6 22. Nd4 Qc7 23. b4 Rb8 24. Rb1 e5 25. Nf5 Ne8 26. e4 d4 27. a4 Bc8 28. Nh4 Nf6 29. h3 Be6 30. Bf1 g6 31. Nf3 Kh7 32. Rb2 Ra8 33. Kh2 Kg7 34. Bd3 Rab8 35. Rc1 Rdc8 36. Qd2 Rd8 37. b5 Rdc8 38. Qb4 Nd7 39. Rcc2 g5 40. Ne1 Kf6 41. Qd2 Kg7 42. Qc1 Nf6 43. f3 Nd7 44. Be2 cxb5 45. c6 Nb6 46. Bxb5 Nxa4 47. Bxa4 Qa5 48. Rxb8 Rxb8 49. c7 Rc8 50. Bc6 Rxc7 51. Qb1 Qa6 52. Qb5 Qxb5 53. Bxb5 Rxc2+ 54. Nxc2 Kf8 55. Na3 f6 1/2-1/2

[Event "ST-2020-0-00131"]
[Site "LSS email"]
[Date "2020.01.17"]
[Round "?"]
[White "Wosch, Arkadiusz Janusz"]
[Black "Domanov, Dmitry"]
[Result "1/2-1/2"]
[WhiteElo "2438"]
[BlackElo "2499"]
[PlyCount "63"]
[EventDate "2020.01.17"]
[EventType "tourn (corr)"]
[EventRounds "6"]
[EventCountry "GER"]
[SourceTitle "Corr 2022"]
[Source "ChessBase"]
[SourceDate "2021.10.24"]
[SourceVersion "1"]
[SourceVersionDate "2021.10.24"]
[SourceQuality "1"]

1. e4 c5 2. Nf3 d6 3. d4 cxd4 4. Nxd4 Nf6 5. Nc3 a6 6. Be3 e6 7. Be2 Be7 8. 0-0 Qc7 9. f4 0-0 10. g4 d5 11. e5 Nfd7 12. g5 Nc6 13. Bd3 Nxd4 14. Bxd4 Bc5 15. Ne2 Qb6 16. c3 Qxb2 17. Rb1 Qa3 18. Qc2 g6 19. h4 Rd8 20. Rb3 Qa5 21. h5 Nf8 22. hxg6 fxg6 23. Kg2 Rd7 24. Bxc5 Qxc5 25. Nd4 b5 26. Be2 Re7 27. Bg4 Bd7 28. Rh1 Rae8 29. Qd2 Bc8 30. Qc2 Rf7 31. Qd2 Bd7 32. Rb4 1/2-1/2

[Event "CP-2019-Q-00010"]
[Site "LSS email"]
[Date "2019.11.27"]
[Round "?"]
[White "Domanov, Dmitry"]
[Black "Jarabinsky, Martin"]
[Result "1-0"]
[WhiteElo "2473"]
[BlackElo "2292"]
[PlyCount "65"]
[EventDate "2019.12.01"]
[EventType "tourn (corr)"]
[EventRounds "6"]
[EventCountry "GER"]
[SourceTitle "Corr 2022"]
[Source "ChessBase"]
[SourceDate "2021.10.24"]
[SourceVersion "1"]
[SourceVersionDate "2021.10.24"]
[SourceQuality "1"]

1. e4 c6 2. d3 d5 3. Qe2 dxe4 4. dxe4 e5 5. Nf3 Nf6 6. g3 Qc7 7. Bg2 Be7 8. 0-0 0-0 9. Rd1 Re8 10. h3 Nbd7 11. c4 Nc5 12. Nc3 a5 13. b3 Ne6 14. Rb1 b6 15. a3 Bc5 16. Kh2 Nd4 17. Nxd4 Bxd4 18. Bb2 Ba6 19. Rd2 Qe7 20. Na4 b5 21. Bxd4 exd4 22. Nb2 bxc4 23. Nxc4 Nd5 24. Qg4 Nc3 25. Re1 Bxc4 26. bxc4 c5 27. e5 Rab8 28. f4 Kh8 29. h4 Rb3 30. f5 Rg8 31. e6 a4 32. Qf4 Rxa3 33. exf7 1-0

[Event "CP-2019-Q-00010"]
[Site "LSS email"]
[Date "2019.11.27"]
[Round "?"]
[White "Fernandez, Javier Horacio"]
[Black "Domanov, Dmitry"]
[Result "1/2-1/2"]
[WhiteElo "2296"]
[BlackElo "2473"]
[PlyCount "82"]
[EventDate "2019.12.01"]
[EventType "tourn (corr)"]
[EventRounds "6"]
[EventCountry "GER"]
[SourceTitle "Corr 2022"]
[Source "ChessBase"]
[SourceDate "2021.10.24"]
[SourceVersion "1"]
[SourceVersionDate "2021.10.24"]
[SourceQuality "1"]

1. d4 Nf6 2. c4 g6 3. g3 c5 4. Nf3 Bg7 5. Bg2 Qa5+ 6. Nc3 Nc6 7. 0-0 cxd4 8. Nxd4 Qc5 9. Ndb5 0-0 10. Nc7 Rb8 11. N7d5 Qxc4 12. Bf4 Nxd5 13. Bxd5 Qb4 14. Bxb8 Nxb8 15. Qb3 Qxb3 16. axb3 a6 17. Na4 e6 18. Bf3 b5 19. Nb6 Bxb2 20. Ra2 Bd4 21. Rc2 Bxb6 22. Rfc1 d5 23. Rxc8 Nd7 24. e3 d4 25. exd4 Bxd4 26. Kg2 a5 27. Rxf8+ Nxf8 28. Bc6 a4 29. bxa4 bxa4 30. Rc4 Bf6 31. Rxa4 g5 32. Ra7 Bd4 33. Ra4 Bf6 34. Kh3 Kg7 35. Bf3 Ng6 36. Bd1 Be5 37. Kg4 Kh6 38. Rb4 Bc3 39. Rb7 Bf6 40. Be2 Bd4 41. f4 gxf4 1/2-1/2

[Event "WC-2019-Q-00002"]
[Site "LSS email"]
[Date "2019.08.28"]
[Round "?"]
[White "Domanov, Dmitry"]
[Black "Kurowski, Andrzej"]
[Result "1/2-1/2"]
[WhiteElo "2476"]
[BlackElo "2232"]
[PlyCount "81"]
[EventDate "2019.09.01"]
[EventType "tourn (corr)"]
[EventRounds "10"]
[EventCountry "GER"]
[SourceTitle "Corr 2024"]
[Source "ChessBase"]
[SourceDate "2023.10.19"]
[SourceVersion "1"]
[SourceVersionDate "2023.10.19"]
[SourceQuality "1"]

1. e4 e6 2. d3 d5 3. Qe2 Nf6 4. g3 dxe4 5. dxe4 e5 6. Nf3 Nc6 7. Bg2 Bc5 8. 0-0 0-0 9. c3 a5 10. Nh4 b6 11. Rd1 Qe8 12. Nf5 Ba6 13. Qf3 Ne7 14. Bg5 Nxf5 15. Bxf6 Nh6 16. Bg5 Qe6 17. Be3 Bxe3 18. Qxe3 Rad8 19. Qe1 Rxd1 20. Qxd1 Qe7 21. Na3 Rd8 22. Qe1 g6 23. Rd1 Kg7 24. Rxd8 Qxd8 25. Bf1 Bb7 26. b4 axb4 27. cxb4 f6 28. h4 Nf7 29. Nc4 Qa8 30. Qd1 Qxa2 31. Qd7 Qb1 32. Nd6 cxd6 33. Qxb7 Qxb4 34. Kg2 Qb3 35. Be2 h5 36. Qc6 Qb4 37. Qa8 Qb3 38. Qc6 Qb4 39. Qa8 Qc5 40. Qb7 Qb4 41. Qa8 1/2-1/2

[Event "WC-2019-Q-00002"]
[Site "LSS email"]
[Date "2019.08.28"]
[Round "?"]
[White "Domanov, Dmitry"]
[Black "Pupo Perez, Hector"]
[Result "1/2-1/2"]
[WhiteElo "2476"]
[BlackElo "2252"]
[PlyCount "72"]
[EventDate "2019.09.01"]
[EventType "tourn (corr)"]
[EventRounds "10"]
[EventCountry "GER"]
[SourceTitle "Corr 2024"]
[Source "ChessBase"]
[SourceDate "2023.10.19"]
[SourceVersion "1"]
[SourceVersionDate "2023.10.19"]
[SourceQuality "1"]

1. e4 e6 2. d3 d5 3. Qe2 Nc6 4. Nf3 e5 5. c3 Nf6 6. b4 Bd6 7. g3 Ne7 8. Bg2 0-0 9. 0-0 Re8 10. Bg5 c6 11. Nbd2 Ng6 12. d4 Bd7 13. a4 a5 14. bxa5 Qxa5 15. Bxf6 gxf6 16. dxe5 fxe5 17. Rfd1 Bf8 18. Nc4 Qa6 19. Bf1 Bg4 20. Ne3 Qxe2 21. Bxe2 Bxf3 22. Bxf3 d4 23. Ng4 Red8 24. h4 dxc3 25. h5 Nh8 26. Rdc1 Bb4 27. Nxe5 f6 28. Nc4 Rd4 29. Ne3 Nf7 30. Nc2 Rd3 31. Nxb4 Rxf3 32. Kg2 Ng5 33. Rd1 Re8 34. Nc2 Rxe4 35. Nd4 c2 36. Nxf3 cxd1Q 1/2-1/2

[Event "WC-2019-Q-00002"]
[Site "LSS email"]
[Date "2019.08.28"]
[Round "?"]
[White "Domanov, Dmitry"]
[Black "Tyutyunnik, Roman"]
[Result "1/2-1/2"]
[WhiteElo "2476"]
[BlackElo "2192"]
[PlyCount "69"]
[EventDate "2019.09.01"]
[EventType "tourn (corr)"]
[EventRounds "10"]
[EventCountry "GER"]
[SourceTitle "Corr 2024"]
[Source "ChessBase"]
[SourceDate "2023.10.19"]
[SourceVersion "1"]
[SourceVersionDate "2023.10.19"]
[SourceQuality "1"]

1. e4 c5 2. Nf3 Nc6 3. Nc3 e5 4. Bc4 Be7 5. 0-0 d6 6. d3 Nf6 7. Ng5 0-0 8. f4 Bg4 9. Qe1 exf4 10. Bxf4 Nd4 11. Qd2 Qd7 12. a4 h6 13. Nf3 Nxf3+ 14. gxf3 Be6 15. Kh1 Kh7 16. Qe2 Nh5 17. Bd2 Bxc4 18. dxc4 f5 19. f4 Nf6 20. exf5 d5 21. Rae1 dxc4 22. Qxe7 Qc6+ 23. Ne4 Rae8 24. Qxc5 Nxe4 25. Qxc6 bxc6 26. Be3 a6 27. Bd4 Rxf5 28. Kg2 g5 29. fxg5 Rxg5+ 30. Kh3 Rd5 31. Rf7+ Kg6 32. Rg7+ Kh5 33. Bc3 Rdd8 34. Bb4 c3 35. Bxc3 1/2-1/2

[Event "WC-2019-Q-00002"]
[Site "LSS email"]
[Date "2019.08.28"]
[Round "?"]
[White "Kurowski, Andrzej"]
[Black "Domanov, Dmitry"]
[Result "1-0"]
[WhiteElo "2232"]
[BlackElo "2476"]
[PlyCount "80"]
[EventDate "2019.09.01"]
[EventType "tourn (corr)"]
[EventRounds "10"]
[EventCountry "GER"]
[SourceTitle "Corr 2024"]
[Source "ChessBase"]
[SourceDate "2023.10.19"]
[SourceVersion "1"]
[SourceVersionDate "2023.10.19"]
[SourceQuality "1"]

1. d4 Nf6 2. c4 g6 3. Nc3 d5 4. Nf3 Bg7 5. cxd5 Nxd5 6. e4 Nxc3 7. bxc3 c5 8. Rb1 0-0 9. Be2 b6 10. 0-0 Qc7 11. Bg5 Bb7 12. Qd3 e6 13. Qe3 Rc8 14. Rfd1 Nd7 15. h3 Nf6 16. Bd3 Ne8 17. a4 cxd4 18. cxd4 Nd6 19. h4 Nc4 20. Qe2 h6 21. Rbc1 hxg5 22. Rxc4 Qf4 23. g3 Qg4 24. Rxc8+ Rxc8 25. hxg5 Bf8 26. Kg2 Rc3 27. Rh1 Rxd3 28. Qxd3 Bxe4 29. Qe3 Qf5 30. Qf4 a5 31. Re1 Bc6 32. Qxf5 gxf5 33. Re3 Kg7 34. Kf1 Bxa4 35. Ke2 b5 36. Nd2 Bd6 37. Nb3 f4 38. gxf4 Bxf4 39. Rf3 Bxb3 40. Rxb3 b4 1-0

[Event "WC-2019-S-00008"]
[Site "LSS email"]
[Date "2019.04.07"]
[Round "?"]
[White "Domanov, Dmitry"]
[Black "Bernal Varela, Nelson"]
[Result "1/2-1/2"]
[WhiteElo "2473"]
[BlackElo "2399"]
[PlyCount "93"]
[EventDate "2019.04.13"]
[EventType "tourn (corr)"]
[EventRounds "12"]
[EventCountry "GER"]
[SourceTitle "Corr 2022"]
[Source "ChessBase"]
[SourceDate "2021.10.24"]
[SourceVersion "1"]
[SourceVersionDate "2021.10.24"]
[SourceQuality "1"]

1. e4 e6 2. d3 d5 3. Qe2 Be7 4. g3 c5 5. Bg2 Nc6 6. Nf3 Nf6 7. 0-0 0-0 8. e5 Nd7 9. c4 a6 10. Nc3 Nd4 11. Nxd4 cxd4 12. Nd1 dxc4 13. dxc4 Rb8 14. b3 b5 15. Nb2 Qb6 16. Bd2 Ba3 17. Nd3 bxc4 18. bxc4 a5 19. Qg4 Re8 20. Bc1 Bf8 21. Bb2 Qc7 22. Bxd4 Qxc4 23. Rfd1 Ba6 24. h3 Red8 25. Bf1 Qc6 26. Bg2 Qa4 27. Ba7 Qxg4 28. hxg4 Rbc8 29. Be3 h6 30. g5 Nb8 31. Nb2 Rxd1+ 32. Rxd1 Nc6 33. Bxc6 Rxc6 34. gxh6 gxh6 35. Rd8 Kg7 36. Nd3 Ba3 37. Nf4 Bb2 38. Rd6 Bb5 39. Nxe6+ fxe6 40. Rd7+ Kg6 41. Rb7 Bd4 42. Rxb5 Bxe3 43. fxe3 Rc1+ 44. Kf2 Rc2+ 45. Kf3 Rxa2 46. g4 h5 47. gxh5+ 1/2-1/2

[Event "WC-2019-S-00008"]
[Site "LSS email"]
[Date "2019.04.07"]
[Round "?"]
[White "Domanov, Dmitry"]
[Black "Bonatti, Walter"]
[Result "1/2-1/2"]
[WhiteElo "2473"]
[BlackElo "2434"]
[PlyCount "52"]
[EventDate "2019.04.13"]
[EventType "tourn (corr)"]
[EventRounds "12"]
[EventCountry "GER"]
[SourceTitle "Corr 2022"]
[Source "ChessBase"]
[SourceDate "2021.10.24"]
[SourceVersion "1"]
[SourceVersionDate "2021.10.24"]
[SourceQuality "1"]

1. e4 e5 2. Nf3 Nc6 3. Bb5 a6 4. Ba4 Nf6 5. 0-0 Be7 6. Re1 b5 7. Bb3 0-0 8. h3 Bb7 9. d3 d5 10. exd5 Nxd5 11. Nbd2 Qd7 12. Nf1 Bc5 13. a4 Rae8 14. c3 Bb6 15. Bd2 Kh8 16. axb5 axb5 17. Nh4 f6 18. Qh5 Nce7 19. c4 g5 20. cxd5 gxh4 21. Rxe5 fxe5 22. Qxe5+ Kg8 23. Bc3 Bxf2+ 24. Kh1 Nxd5 25. Qh8+ Kf7 26. Qf6+ Kg8 1/2-1/2